000 01102cam a22002054a 4500
005 20250605163920.0
008 250528s ||||||||||||||||||||||||d
035 _a14380
020 _a137690681
040 _aGR-AtMCL
_bgre
_dGR-AtMCL
_eAACR2
245 1 _aEuropean Union Economics / Fourth Edition
250 _a4th
260 _bPrentice Hall,
_c1998
300 _a366
520 _aFull detail about EU economic, trade and regional policy and relates the policies to economic theory on fiscal policy, trade and exchange. Tables, Figures, Preface, Abbreviations, Regional Economic Associations: Objectives and Policies and Effects, Structure of the European Community and the European Union: Objectives and Policies and Constraints, The Single Market, The Budget of the European Communities, Tax Harmonization, Monetary Integration, Agriculture, Trade Policies, Regional Policy, Social Policy, Transport, Industrial Policy, Energy and the Environment, Europe 2000: Progress and Prospects, References, Index.
700 1 _aHitiris Theo
_921
942 _cBK
999 _c15
_d15